01162nam a2200193Ia 4500001001000000003001000010008004100020040002500061041001300086100002500099245007700124250001100201260006100212300002800273500026200301501011400563520026200677650002900939L232-6372IT-CnALBA170116s9999||||xx |||||||||||||| ||und|| aIT-CnALBAcIT-CnALBA aITALIANO aLOYOLA MARIA, MADRE. 0aGESÙ DI NAZARETH. LA STORIA DELLA SUA VITA RACCONTATA ALLA GIOVENTÙ  a1a ed. aTORINObLICE. ROBERTO BERRUTI & C.c1928 [1° Ed.: n.d.] a376 p. (prefazione: 11) aTRADUZIONE DALL'INGLESE DI TRUCCO FILIPPO. INFANZIA E VITA PRIVATA DI GESÙ. VITA PUBBLICA. LA PALESTINA E IL POPOLO PALESTINESE. LA GALILEA. CAFARNAO. GLI APOSTOLI. DISCORSO DELLA MONTAGNA. MIRACOLI. PARABOLE. INSEGNAMENTI. A GERUSALEMME. MORTE E RISURREZ aSocietà San Paolo EM - Piazza San Paolo, 14 - 12051 ALBA (CN) (non commercial uses only) ® Copyright 2017 aTRADUZIONE DALL'INGLESE DI TRUCCO FILIPPO. INFANZIA E VITA PRIVATA DI GESÙ. VITA PUBBLICA. LA PALESTINA E IL POPOLO PALESTINESE. LA GALILEA. CAFARNAO. GLI APOSTOLI. DISCORSO DELLA MONTAGNA. MIRACOLI. PARABOLE. INSEGNAMENTI. A GERUSALEMME. MORTE E RISURREZ aVITA E MISTERO DI CRISTO